000 00532nam a2200145Ia 4500
008 210210b1999 xxu||||| |||| 00| 0 eng d
082 _a363.7 AGAS
100 _aAGARWAL (Anil) and Others, Ed.
245 _aState of India's environment: The citizen's fifth report: Part II; National overview.
260 _aNew Delhi.
_bCentre for Science & Environment.,
_c1999
300 _aiv,256
650 _aState of India's environment citizens 5th report Environment: statistical database
690 _aSocial Problems
906 _a054974
999 _c102997
_d102997